00680nam a2200241 a 4500001001300000003000900013005001700022008004100039020001200080082001500092100001900107245002500126260004700151300000900198500003500207505001000242650002200252700001900274902000800293942000700301952011500308999001500423nice12345678IN_TiNIC20260116012117.0050524s1964 newa grp 000 0 eng  ac164.500a269.2bDOD aDodge, Ralph E aUnpopular Missionary aNew JerseybFleming H Revell Companyc1964 a167p aincludes index and biblioraphy2 aIndex aEvangelistic Work1 aDodge, Ralph E bSRS cBK 001040708StackRoom-aHMIbHMId2007-07-13g164.50l0o269.2 DODp08459r2007-07-13v164.50w2005-05-24yBK c5681d5681